MARC details
| 000 -CABECERA |
| campo de control de longitud fija |
01094nam a2200217 a 4500 |
| 003 - IDENTIFICADOR DEL NÚMERO DE CONTROL |
| campo de control |
DO-SdBNP |
| 005 - FECHA Y HORA DE LA ÚLTIMA TRANSACCIÓN |
| campo de control |
20250221073756.0 |
| 007 - CAMPO FIJO DE DESCRIPCIÓN FÍSICA--INFORMACIÓN GENERAL |
| campo de control de longitud fija |
ta |
| 008 - DATOS DE LONGITUD FIJA--INFORMACIÓN GENERAL |
| campo de control de longitud fija |
220914e20152017dr adb|fr|||| 001 0 spa d |
| 020 ## - NÚMERO INTERNACIONAL ESTÁNDAR DEL LIBRO |
| Número Internacional Estándar del Libro |
9789945898460 |
| 040 ## - FUENTE DE LA CATALOGACIÓN |
| Centro catalogador/agencia de origen |
DO-SdBNP |
| Lengua de catalogación |
spa |
| Centro/agencia transcriptor |
BNPHU |
| 082 #4 - NÚMERO DE LA CLASIFICACIÓN DECIMAL DEWEY |
| Número de edición |
22 |
| Número de documento/Ítem |
E96c |
| 245 00 - MENCIÓN DE TÍTULO |
| Título |
Exportaciones en cifras República Dominicana 2015 - 2017. / |
| Mención de responsabilidad, etc. |
Edición/ corrección literaria, Alicia Delgado Mestres |
| 260 ## - PUBLICACIÓN, DISTRIBUCIÓN, ETC. |
| Lugar de publicación, distribución, etc. |
Santo Domimgo : |
| Nombre del editor, distribuidor, etc. |
ONE, |
| Fecha de publicación, distribución, etc. |
2017 |
| 504 ## - NOTA DE BIBLIOGRAFÍA, ETC. |
| Nota de bibliografía, etc. |
Bibliografía: p. 41 |
| 505 ## - NOTA DE CONTENIDO CON FORMATO |
| Nota de contenido con formato |
Presentación. |
| Título |
Resumen ejecutivo.-- |
| -- |
Introducción.-- |
| -- |
1. Contexto general.-- |
| -- |
2. Resultados generales.-- |
| -- |
2.1 Exportaciones dominicanas y empresas exportadoras.-- |
| -- |
2.1.1 Exportaciones dominicanas.-- |
| -- |
2.1.2 Empresas exportadoras.-- |
| -- |
2.2 Destino de las exportaciones dominicanas.-- |
| -- |
2.3 Régimen de las exportaciones.-- |
| -- |
2.4 Principales productos exportados. |
| -- |
2.5 Tipo de transporte de las exportaciones dominicanas. |
| 700 1# - PUNTO DE ACCESO ADICIONAL--NOMBRE DE PERSONA |
| 9 (RLIN) |
73478 |
| Nombre de persona |
Delgado Mestres, Alicia |
| Término indicativo de función/relación |
ed. |
| 710 1# - PUNTO DE ACCESO ADICIONAL--NOMBRE DE ENTIDAD CORPORATIVA |
| Nombre de entidad corporativa o nombre de jurisdicción como elemento de entrada |
República Dominicana. |
| Unidad subordinada |
Oficina Nacional de Estadística |
| 9 (RLIN) |
5775 |
| 910 ## - DATOS DE OPCIÓN DEL USUARIO (OCLC) |
| Datos de opción del usuario |
MFeliz |
| 942 ## - ELEMENTOS DE PUNTO DE ACCESO ADICIONAL (KOHA) |
| Fuente del sistema de clasificación o colocación |
Dewey Decimal Classification |
| Tipo de ítem Koha |
Libro |